书目信息 |
| 题名: |
教育改革与人才培养
|
|
| 作者: | ;上海海事大学高等技术学院 , 上海港湾学校 编 | |
| 分册: | ||
| 出版信息: | 上海 华东理工大学出版社 2014.06 |
|
| 页数: | 189页 | |
| 开本: | 24cm | |
| 丛书名: | ||
| 单 册: | ||
| 中图分类: | G719.2 | |
| 科图分类: | ||
| 主题词: | 职业教育--教育改革--研究--中国 , 职业教育--人才培养--研究--中国 , 职业教育 , 教育改革 , 人才培养 | |
| 电子资源: | ||
| ISBN: | 978-7-5628-3905-7 | |
| 000 | 01251nam0 2200313 450 | |
| 001 | 0120141320051 | |
| 005 | 20160606171438.76 | |
| 010 | @a978-7-5628-3905-7@dCNY49.00 | |
| 100 | @a20140626d2014 em y0chiy0110 ea | |
| 101 | 0 | @achi |
| 102 | @aCN@b310000 | |
| 105 | @aak z 000yy | |
| 106 | @ar | |
| 200 | 1 | @a教育改革与人才培养@9jiao yu gai ge yu ren cai pei yang@f上海海事大学高等技术学院,上海港湾学校编 |
| 210 | @a上海@c华东理工大学出版社@d2014.06 | |
| 215 | @a189页@c图@d24cm | |
| 300 | @a2014海大职教探索 | |
| 330 | @a本书以职业院校的教学与管理改革为主线,围绕人才培养、课程改革、管理方略等方面展开,本书是一线教师及管理人员多年工作经验的凝结,从实践的视角阐述对职业教育的思考,多角度回答了职业院校在发展过程中,如何主动谋求改革,适应时代变化,进一步提升学校的整体办学水平这个问题。 | |
| 333 | @a教育工作者及研究者 | |
| 606 | 0 | @a职业教育@x教育改革@x研究@y中国 |
| 606 | 0 | @a职业教育@x人才培养@x研究@y中国 |
| 606 | 0 | @a职业教育 |
| 606 | 0 | @a教育改革 |
| 606 | 0 | @a人才培养 |
| 690 | @aG719.2@v5 | |
| 711 | 02 | @a上海海事大学高等技术学院@9shang hai hai shi da xue gao deng ji shu xue yuan@4编 |
| 711 | 02 | @a上海港湾学校@9shang hai gang wan xue xiao@4编 |
| 801 | 0 | @aCN@b人天书店@c20140626 |
| 905 | @b878206-11@dG719.2@e33@f6 | |
| 教育改革与人才培养/上海海事大学高等技术学院,上海港湾学校编.-上海:华东理工大学出版社,2014.06 |
| 189页:图;24cm |
| 2014海大职教探索.-使用对象:教育工作者及研究者 |
| ISBN 978-7-5628-3905-7:CNY49.00 |
| 本书以职业院校的教学与管理改革为主线,围绕人才培养、课程改革、管理方略等方面展开,本书是一线教师及管理人员多年工作经验的凝结,从实践的视角阐述对职业教育的思考,多角度回答了职业院校在发展过程中,如何主动谋求改革,适应时代变化,进一步提升学校的整体办学水平这个问题。 |
| ● |
| 相关链接 |
|
|
|
|
正题名:教育改革与人才培养
索取号:G719.2/33
 
预约/预借
| 序号 | 登录号 | 条形码 | 馆藏地/架位号 | 状态 | 备注 |
| 1 | 878206 | 208782067 | 第一样本阅览室/ [索取号:G719.2/33] | 在馆 | |
| 2 | 878207 | 208782076 | 教育系资料室/ [索取号:G719.2/33] | 在馆 | |
| 3 | 878208 | 208782085 | 教育系资料室/ [索取号:G719.2/33] | 在馆 | |
| 4 | 878209 | 208782094 | 教育系资料室/ [索取号:G719.2/33] | 在馆 | |
| 5 | 878210 | 208782101 | 第四借阅区/ [索取号:G719.2/33] | 在馆 | |
| 6 | 878211 | 208782110 | 第四借阅区/ [索取号:G719.2/33] | 在馆 |